Swedish players in UEFA Champions League (2000-) - Statistics

General Stats
  • This quiz has been taken 35 times
  • The average score is 28 of 106
Answer Stats
Ranking Player Positions Nationality Matches Goals (assists) Periods Clubs % Correct
1 Zlatan Ibrahimović FW 124 48 (25) 2002-2015, 2017-2018, 2021-2022
93%
9 Henrik Larsson FW 28 7 (6) 2001-2002, 2003-2007
87%
72 Jordan Larsson MF, FW 5 0 (0) 2023-2024
87%
106 Sebastian Larsson MF 1 0 (0) 2005-2006
87%
80 Eric Larsson DF 4 0 (0) 2021-2022
83%
104 Peter Larsson DF 1 0 (0) 2010-2011
83%
59 Sam Larsson MF, FW 6 0 (0) 2017-2018
83%
5 Victor Lindelöf DF 38 0 (0) 2015-2018, 2020-2021, 2023-2024
83%
40 Alexander Isak FW 6 1 (0) 2017-2018, 2023-2024
80%
4 Emil Forsberg MF, FW 47 11 (5) 2014-2015, 2017-2018, 2019-2024
77%
2 Freddie Ljungberg MF, FW 58 12 (3) 2000-2007
77%
17 Robin Olsen GK 18 0 (0) 2014-2015, 2016-2017, 2018-2019
73%
19 Dejan Kulusevski MF, FW 15 1 (1) 2020-2023
70%
84 Anthony Elanga MF, FW 3 1 (0) 2021-2022
60%
3 Kim Källström MF 50 3 (2) 2006-2013
60%
39 Marcus Berg FW 6 2 (0) 2020-2021
60%
25 Erik Berg DF, MF 11 0 (0) 2014-2015, 2016-2017
57%
30 Viktor Gyökeres FW 8 6 (1) 2024-2025
57%
65 Kristoffer Olsson MF, FW 5 0 (1) 2020-2021
53%
57 Martin Olsson DF, MF 6 0 (0) 2021-2022
53%
12 Mikael Lustig DF 25 0 (1) 2012-2013, 2016-2018
50%
14 Patrik Andersson DF 20 1 (0) 2000-2003
50%
68 Christoffer Andersson DF, MF 5 0 (0) 2000-2001
47%
71 Joel Andersson DF, MF 5 0 (0) 2020-2021
47%
100 Kennet Andersson FW 1 0 (0) 2001-2002
47%
60 Sven Andersson GK 6 0 (0) 2000-2001
47%
51 Andreas Isaksson GK 6 0 (0) 2008-2009
43%
78 Daniel Svensson DF, FW 4 0 (0) 2024-2025
43%
69 Gustav Svensson DF, MF 5 0 (0) 2010-2011
43%
7 Markus Rosenberg FW 29 7 (2) 2005-2006, 2007-2008, 2014-2016
43%
98 John Mellberg DF 1 0 (0) 2024-2025
40%
27 Ludwig Augustinsson DF, MF, FW 9 0 (3) 2016-2017, 2021-2022
40%
11 Olof Mellberg DF, MF 26 1 (0) 2008-2009, 2011-2012, 2013-2014
40%
41 Jesper Jansson DF, MF 6 1 (0) 2000-2001
37%
6 Pontus Wernbloom MF, FW 30 2 (1) 2009-2010, 2011-2012, 2013-2018
37%
62 Ulrik Jansson MF 6 0 (0) 2000-2001
37%
32 Isak Hien DF 8 0 (1) 2024-2025
33%
26 Jens Cajuste MF 10 0 (1) 2020-2021, 2023-2024
33%
10 Oscar Wendt DF, MF 27 1 (0) 2006-2007, 2010-2011, 2015-2016, 2020-2021
33%
83 Rasmus Elm MF 4 0 (0) 2013-2014
33%
18 Viktor Claesson MF, FW 17 0 (2) 2020-2021, 2022-2024
33%
21 Gabriel Gudmundsson DF, MF, FW 13 0 (1) 2021-2022, 2024-2025
27%
97 Jimmy Durmaz MF, FW 1 0 (0) 2014-2015
27%
64 Andreas Johansson MF, FW 5 1 (0) 2008-2009
23%
31 Johan Elmander FW 8 2 (0) 2001-2002, 2012-2013
23%
36 Gustaf Nilsson DF, FW 7 1 (0) 2024-2025
20%
24 Mikael Nilsson DF, MF 11 0 (1) 2005-2006, 2008-2009
20%
58 Ola Nilsson DF 6 0 (0) 2000-2001
20%
75 Roland Nilsson DF, FW 5 0 (0) 2000-2001
20%
55 Isaac Kiese Thelin FW 6 0 (0) 2014-2015
17%
56 Magnus Eriksson MF, FW 6 0 (0) 2014-2015
17%
102 Mattias Lindström MF 1 0 (0) 2000-2001
17%
73 Michael Hansson MF 5 0 (0) 2000-2001
17%
88 Samuel Dahl DF, MF, FW 3 0 (0) 2024-2025
17%
95 Carl Starfelt DF 1 0 (0) 2022-2023
13%
82 Johan Dahlin GK 4 0 (0) 2021-2022
13%
35 Pierre Bengtsson DF, MF 8 0 (0) 2010-2011, 2013-2014
13%
38 Rasmus Bengtsson DF 7 0 (0) 2010-2011, 2015-2016
13%
74 Rasmus Lindgren DF, MF 5 0 (0) 2010-2011
13%
33 Magnus Hedman GK 8 0 (0) 2003-2005
10%
63 Marcus Allbäck FW 5 3 (1) 2006-2007
10%
34 Oscar Lewicki DF, MF 8 0 (0) 2015-2016, 2021-2022
10%
61 Tobias Linderoth MF 6 0 (0) 2006-2007
10%
66 Alexander Fransson MF 5 0 (0) 2016-2018
7%
13 Behrang Safari DF 23 0 (0) 2008-2009, 2010-2011, 2012-2015
7%
16 Christian Wilhelmsson MF 19 2 (2) 2003-2007
7%
79 Emil Holm DF 4 0 (0) 2024-2025
7%
85 Joachim Björklund DF 3 0 (0) 2000-2001
7%
42 Nicklas Persson DF 6 1 (0) 2000-2001
7%
86 Noah Persson DF, MF 3 0 (0) 2023-2024
7%
8 Pär Zetterberg MF 29 1 (2) 2000-2006
7%
93 Rami Shaaban GK 2 0 (0) 2002-2003
7%
94 Sebastian Nanasi MF, FW 2 0 (0) 2021-2022
7%
89 Simon Thern MF, FW 3 0 (0) 2014-2015
7%
76 Alexander Farnerud MF 4 0 (0) 2007-2008
3%
67 Carlos Strandberg FW 5 0 (0) 2016-2017
3%
92 Erik Wahlstedt DF, MF 2 0 (0) 2000-2001
3%
52 Filip Helander DF, MF 6 0 (0) 2014-2015
3%
47 Fredrik Berglund MF, FW 6 0 (1) 2006-2007
3%
81 Fredrik Stoor DF 4 0 (0) 2007-2008
3%
90 Gustaf Lagerbielke DF 2 1 (0) 2023-2024
3%
37 Johan Mjällby DF, MF 7 0 (0) 2001-2002, 2003-2004
3%
99 Jonas Rouhi DF 1 0 (0) 2024-2025
3%
101 Marcus Lindberg DF 1 0 (0) 2000-2001
3%
29 Mikael Antonsson DF 9 0 (0) 2010-2011, 2016-2017
3%
22 Pontus Farnerud MF 12 1 (0) 2000-2001, 2004-2005, 2006-2008
3%
105 Ramon Lundqvist MF, FW 1 0 (0) 2016-2017
3%
44 Roony Bardghji MF, FW 6 1 (0) 2022-2024
3%
50 Tobias Sana MF, FW 6 0 (1) 2012-2013, 2015-2016
3%
23 Anton Tinnerholm DF, MF 12 0 (1) 2014-2016
0%
77 Daniel Sundgren DF 4 0 (0) 2022-2023
0%
46 Dusan Djurić MF 6 0 (1) 2009-2010
0%
91 Emir Bajrami MF, FW 2 0 (0) 2010-2011
0%
53 Franz Brorsson DF, FW 6 0 (0) 2015-2016, 2021-2022
0%
28 Fredrik Söderström MF 9 0 (0) 2001-2002
0%
96 Guillermo Molins MF, FW 1 0 (0) 2012-2013
0%
54 Hans Eklund FW 6 0 (0) 2000-2001
0%
70 Joe Mendes DF, MF 5 0 (0) 2023-2024
0%
15 Johan Wiland GK 20 0 (0) 2010-2011, 2013-2014, 2015-2016
0%
48 Jozo Matovac DF 6 0 (1) 2000-2001
0%
20 Mikael Dorsin DF 15 0 (2) 2004-2005, 2007-2008
0%
49 Niklas Hult DF, MF 6 0 (1) 2018-2019
0%
103 Noah Eile DF 1 0 (0) 2021-2022
0%
87 Paweł Cibicki MF, FW 3 0 (0) 2014-2015
0%
43 Rade Prica FW 6 1 (0) 2000-2001
0%
45 Simon Kroon MF 6 1 (0) 2014-2016
0%
No matching quizzes found
Score Distribution
Percent of People with Each Score
Percentile by Number Answered
Your Score History
You have not taken this quiz